Statystyki dla Polacy w Super Lig(Liga Turecka) Sezon 2019/2020

Kliknij tutaj aby rozwiązać quiz!

Ogólne statystyki

  • Ten quiz został rozwiązany 60 razy
  • Średni wynik to 3 z 7

Statystyki odpowiedzi

KlubPozycjaZawodnik% Poprawnych
MKE AnkaragücüObrońcaMichał Pazdan
100%
GöztepeNapastnikKamil Wilczek
49%
DenizlisporPomocnikRadoslaw Murawski
47%
MKE AnkaragücüPomocnikDaniel Lukasik
43%
MKE AnkaragücüPomocnik/NapastnikKonrad Michalak
41%
Gaziantep FKObrońcaPaweł Olkowski
39%
Gaziantep FKPomocnik/NapastnikBartlomiej Pawlowski
27%

Rozkład punktacji

Percentyl według liczby udzielonych odpowiedzi

Procent ludzi z każdym wynikiem

Twoja historia wyników

Nie rozwiązałeś tego quizu